| 000 -LEADER |
| fixed length control field |
00649nam a22002057a 4500 |
| 003 - CONTROL NUMBER IDENTIFIER |
| control field |
OSt |
| 005 - DATE AND TIME OF LATEST TRANSACTION |
| control field |
20260427144518.0 |
| 008 - FIXED-LENGTH DATA ELEMENTS--GENERAL INFORMATION |
| fixed length control field |
260427b ||||| |||| 00| 0 eng d |
| 040 ## - CATALOGING SOURCE |
| Original cataloging agency |
BSHUA |
| Language of cataloging |
Shqip |
| 050 ## - LIBRARY OF CONGRESS CALL NUMBER |
| Item number |
785.74:787/Bah. |
| 082 ## - DEWEY DECIMAL CLASSIFICATION NUMBER |
| Item number |
785.74:787/Bah. |
| 100 ## - MAIN ENTRY--PERSONAL NAME |
| Personal name |
Bach, J. C. |
| 245 ## - TITLE STATEMENT |
| Title |
Quartet in C for Flute and String Trio or String Quartet |
| 260 ## - PUBLICATION, DISTRIBUTION, ETC. (IMPRINT) |
| Place of publication, distribution, etc |
France: |
| Name of publisher, distributor, etc |
Musica Rara, |
| Date of publication, distribution, etc |
1961. |
| 300 ## - PHYSICAL DESCRIPTION |
| Extent |
4 parte |
| 653 ## - INDEX TERM--UNCONTROLLED |
| Uncontrolled term |
Muzika boterore - Muzika gjermane - Muzike dhome - Kuarteti - Kuartet ne C - Kuartet per Flaut (Violina I) - Violina II - Viola - Celo |
| -- |
4 parte |
| 856 ## - ELECTRONIC LOCATION AND ACCESS |
| Link text |
Fulltext |
| 942 ## - ADDED ENTRY ELEMENTS (KOHA) |
| Source of classification or shelving scheme |
|
| Koha item type |
Music Parts |
| 953 ## - Fulltext |
| Is Fulltext Available |
Unavailable |